000 00858nas a2200301 4500
001 BR0502509
003 BR-BrBNA
005 20231205105337.0
007 ta
008 230509b bl.|||p| |||| 00| 00por d
040 _aBR-BrBNA
_bpor
_cBiblioteca Nacional de Agricultura
041 _a(Pt)
072 _aE71; E72
100 1 _aSabella, J.
245 1 _aEncurtar o ciclo e aumentar o lucro
650 _aGADO DE CORTE
650 _aCUSTO-BENEFÍCIO
650 _aMACROECONOMIA
650 _aTECNOLOGIA APROPRIADA
650 _aNUTRIÇÃO ANIMAL
650 _aSUPLEMENTO ALIMENTAR
650 _aRENTABILIDADE
650 _aMERCADO NACIONAL
650 _aMERCADO INTERNACIONAL
773 0 _tAgroanalysis (Brazil)
_xISSN 0100-4298
_g(Mar 2005), v. 25(3) p. 33
_wBR0502509
909 _a202311
_bLúcia
_c55
_dLúcia Elande
942 _2AGRIS
_n0
_cANA
999 _c182471
_d182471